Türkiye-Avrupa Topluluğu ilişkilerinin hükümet programlarında ve kalkınma planlarında ele alınışı (Record no. 5365)

MARC details
000 -BAŞLIK
Sabit Uzunlukta Kontrol Alanı 00750na a2200241 4500
001 - KONTROL NUMARASI
Denetim Alanı 18375
003 - KONTROL NUMARASI IDENTIFIER
Denetim Alanı MIRAKIL
005 - SON İŞLEM TARİHİ VE ZAMANI
Denetim Alanı 20181213155034.0
008 - SABİT-BOY VERİ ELEMANLARI - GENEL BİLGİLER
Sabit Uzunlukta Kontrol Alanı 161117b tu 000 0
020 ## - ULUSLARARASI STANDART KİTAP NUMARASI
Uluslararası Standart Kitap Numarası 9751905818
040 ## - KATALOGLAMA KAYNAK
Orijinal Kataloglama Ajansı Milas
Kataloglama Dili tur
Metne Dönüştürmek Ajansı TR-AnCHP
041 ## - DİL KODU
Metin / Ses Parça Veya Ayrı Başlığın Dil Kodu tur
082 ## - DEWEY ONLU SINIFLANDIRMA NUMARASI
Sınıflandırma Numarası 337.142
Ürün Numarası A12t 1992
090 ## - SINIFLAMA NUMARASI
Sınıflama Numarası 337.142 A12t 1992
100 ## - ANA GİRİŞ - KİŞİSEL İSİM
Kişisel Ad Acar, Muhittin
245 ## - BAŞLIK TABLOSU
Başlık Türkiye-Avrupa Topluluğu ilişkilerinin hükümet programlarında ve kalkınma planlarında ele alınışı
Sorumluluk Tablosu, Vb Muhittin Acar
260 ## - YAYIN, DAĞITIM, VB
Yayın, Dağıtım, Vb Yeri Ankara
Yayıncı, Dağıtıcı, Vs Adı DPT
Yayın, Dağıtım, Vb Tarihi 1992
300 ## - FİZİKSEL TANIM
Kapsam 40 s.
Boyutlar 23 sm.
504 ## - KAYNAKÇA VB NOT
Kaynakça Vb Notu Kaynakça var.
650 ## - KONU KATMA GİRİŞ - TOPİKAL DÖNEM
Topikal Süreli Veya Coğrafi Ad Giriş Elemanı Avrupa Ekonomik Topluluğu
Genel Alt Bölümü Ekonomik ilişkiler
Coğrafi Alt Bölümü Türkiye
651 ## - KONU KATMA GİRİŞ - COĞRAFİ ADI
Coğrafi İsim Türkiye
Genel Alt Bölümü Ekonomi
Kronolojik Alt Bölümü Hükümet programları
942 ## - EKLENDİ GİRİŞ ELEMANLARI (KOHA)
Sınıflandırma Veya Raf Düzeni Kaynak Dewey Decimal Classification
Koha Öğesi Türü Books
999 ## - SİSTEM KONTROL NUMARALARI (KOHA)
Koha Biblionumber 5365
Koha Biblioitemnumber 5365
Holdings
Kalıcı Konum Mevcut Konum Edinme Tarihi Edinim Kaynak Toplam Check-Out'Lar Tam Çağrı Numarası Barkod Tarih Son Görülme İtibaren Geçerli Fiyatlar Koha Öğesi Türü
CHP Kütüphanesi CHP Kütüphanesi 11/17/2016 Bağış   337.142 A12t 1992 008743 11/17/2016 11/17/2016 Books